Obálka Náhled e-knihy:
PDF Epub
Pro půjčování e-knih musíte být přihlášeni.
Jak si půjčit online?

Poslední velkoměsto. Kniha pátá, Bílá jako sůl /

V pátém díle detektivní sci-fi série osud Bornnu visí na vlásku a nová Apokalypsa je na dosah.

Uloženo v:
Série:Poslední velkoměsto, část 5
Hlavní autor: Šlechta, Vladimír, 1960- (Autor)
Médium: E-kniha
Jazyk:Czech
Vydáno: Praha : Brokilon, 2023
Vydání:Vydání první
Témata:
Příbuzné jednotky:Z cyklu:: Poslední velkoměsto
Tagy:
Žádné tagy
LEADER 02619nam a2200409 i 4500
001 312105
003 CZ PrSKC
005 20260601215717.0
007 ta
008 230929s2023 xr g 000 f cze
015 |a cnb003550197 
020 |a 9788074565441  |q (brožováno) :  |c Kč 348,00 
035 |a (OCoLC)1420607780 
040 |a ABG001  |b cze  |d ABA001  |e rda 
072 7 |a 821.162.3-3  |x Česká próza  |2 Konspekt 
080 |a 821.162.3-31  |2 MRF 
080 |a (0:82-311.9)  |2 MRF 
100 1 |a Šlechta, Vladimír,  |d 1960-  |7 xx0000828  |4 aut 
245 1 0 |a Poslední velkoměsto.  |n Kniha pátá,  |p Bílá jako sůl /  |c Vladimír Šlechta 
246 3 0 |a Bílá jako sůl 
250 |a Vydání první 
264 1 |a Praha :  |b Brokilon,  |c 2023 
300 |a 434 stran ;  |c 17 cm 
336 |a text  |b txt  |2 rdacontent 
337 |a bez média  |b n  |2 rdamedia 
338 |a svazek  |b nc  |2 rdacarrier 
520 2 |a V pátém díle detektivní sci-fi série osud Bornnu visí na vlásku a nová Apokalypsa je na dosah.  |b Druhá polovina třiadvacátého století, dvě stě let po Apokalypse. Císařovna Beatrice zničila strukturu společnosti a v Bornnu se rozhořel boj o dominanci. Obyvatelé, kteří se do Posledního velkoměsta přistěhovali ze všech koutů Evropy, se rozdělili do frakcí a válčí mezi sebou. Náboženští fanatici z Askalonu, kanibalové ze Schwarzwaldu, domorodci ze zamořených bažin, vzbouřená císařská armáda i Bílá čarodějka se zbytkem svých věrných - ti všichni uzavírají spojenectví a pak se zase zrazují. Oggerd, velící malé armádě Svobodného Orgonu, se pokouší ochránit civilní obyvatele a nastolit jakýs takýs řád a pořádek. A Gowery, jak už to dělal mnohokrát, rozplétá předivo vztahů a zjišťuje, kdo je přítel a kdo nepřítel, kdo je spolehlivý spojenec a kdo zrádce. Nakladatelská anotace. 
655 7 |a české romány  |7 fd133974  |2 czenas 
655 7 |a vědecko-fantastické romány  |7 fd133847  |2 czenas 
655 9 |a Czech fiction  |2 eczenas 
655 9 |a science fiction novels  |2 eczenas 
787 0 8 |i Z cyklu:  |t Poslední velkoměsto  |g 5 
900 |a ABA001  |b 21 
044 |a xr 
910 |a RBIT002 
998 |d 387452  |a https://core.palmknihy.cz/api/books/387452/cover?s1a836  |b https://core.palmknihy.cz/api/books/387452/cover/400?s1a836  |c https://core.palmknihy.cz/api/books/387452/cover/50?s1a836  |e   |g 436  |i 9788074565441  |j https://core.palmknihy.cz/api/books/387452/preview.epub  |k https://core.palmknihy.cz/api/books/387452/preview.pdf  |l   |q 49  |r 1  |s https://www.palmknihy.cz/kniha/387452  |t ebook  |y 2023  |z 0  |v Poslední velkoměsto  |w 5 
999 |d 312103